000 00699nam a2200241 a 4500
001 69856
003 BD-RjUL
005 20211209081931.0
008 170413m1996 nyua b 001 0 eng d
020 _a0716718227 :
035 _a(BD-RjUL)70068
040 _aDLC
_cDLC
_dBD-RjUL
_beng
041 _aeng
082 0 0 _a566
_223
_bCAV 1996
100 1 _aCarroll, Robert L.
_9206890
245 1 0 _aVertebrate paleontology and evolution /
_cRobert L. Carroll
260 _aNew York :
_bFreeman,
_c1988 [Printing 1996].
300 _axiv, 698 p. :
_bill. ;
_c29 cm.
504 _aIncludes bibliography and index.
650 _aFossil Chordata
_9206891
942 _2ddc
_cBK
999 _c69856
_d69856